书目信息 |
| 题名: |
无居随笔
|
|
| 作者: | 旷新年 著 | |
| 分册: | ||
| 出版信息: | 昆明 云南人民出版社 2001.4 |
|
| 页数: | 210页 | |
| 开本: | 20cm | |
| 丛书名: | 博士思想文丛 | |
| 单 册: | ||
| 中图分类: | I206.7-53 | |
| 科图分类: | ||
| 主题词: | 文学研究--中国--文集 | |
| 电子资源: | ||
| ISBN: | 7-222-03011-5 | |
| 000 | 00602nam0 2200217 45 | |
| 001 | 0201271067 | |
| 005 | 20031219104053.1 | |
| 010 | @a7-222-03011-5@dCNY13.00 | |
| 100 | @a20020127d2001 km y0chiy0120 ea | |
| 101 | 0 | @achi |
| 105 | @a z 000yy | |
| 200 | 1 | @a无居随笔@AWu Ju Sui Bi@f旷新年著@FKuang Xin Nian Zhu |
| 210 | @a昆明@c云南人民出版社@d2001.4 | |
| 215 | @a210页@d20cm | |
| 225 | @a博士思想文丛 | |
| 410 | @12001 @a博士思想文丛 | |
| 606 | 0 | @a文学研究@y中国@x文集 |
| 690 | @aI206.7-53@v4 | |
| 701 | 0 | @a旷新年@4著 |
| 801 | @aCN@bTSTC@c20020127 | |
| 905 | @b305707-711@dI206.7-53@e120@f5 | |
| 无居随笔/旷新年著.-昆明:云南人民出版社,2001.4 |
| 210页;20cm.-(博士思想文丛) |
| ISBN 7-222-03011-5:CNY13.00 |
| ● |
| 相关链接 |
|
|
|
|
正题名:无居随笔
索取号:I206.7-53/120
 
预约/预借
| 序号 | 登录号 | 条形码 | 馆藏地/架位号 | 状态 | 备注 |
| 1 | 0305707 | 203057075 | 第二借阅区/ [索取号:I206.7-53/120] | 在馆 | |
| 2 | 0305708 | 203057084 | 第二借阅区/ [索取号:I206.7-53/120] | 在馆 | |
| 3 | 0305709 | 203057093 | 第二借阅区/ [索取号:I206.7-53/120] | 在馆 | |
| 4 | 0305710 | 203057100 | 第二借阅区/ [索取号:I206.7-53/120] | 在馆 | |
| 5 | 0305711 | 203057119 | 第一样本阅览室/ [索取号:I206.7-53/120] | 在馆 |